| 000 | 00883nam a2200265 c 4500 | ||
|---|---|---|---|
| 003 | BLK | ||
| 005 | 20180422120511.0 | ||
| 008 | 180411b bul|||||r ||||||| ||bul|| | ||
| 010 | _aKNG00211307000 | ||
| 040 | _aBLK | ||
| 041 |
_aBUL _cBUL |
||
| 080 |
_aТрудово право. Вж и 331 _b349.2 _x _z349.2 |
||
| 100 | 1 |
_aСредкова, Красимира _eпърви автор _9370392 |
|
| 139 |
_aСредкова, Красимира _bС 60 |
||
| 245 | 1 | 0 |
_aИзвънреден труд _bИзследване _cКрасимира Средкова. |
| 257 | _aBGR | ||
| 260 |
_аСофия _bНаука и изкуство _c1989 |
||
| 300 |
_a128 с. _c22 см |
||
| 380 | _a3 | ||
| 852 | _aЦб 158035 | ||
| 856 | 4 |
_qpdf _u |
|
| 856 | 4 |
_qpdf _u |
|
| 942 |
_cKNG _n0 |
||
| 944 |
_aCR _c15.08.2017 _kХристина_Везирева |
||
| 944 |
_aED _c15.08.2017 _kХристина_Везирева |
||
| 999 |
_c201848 _d201848 |
||